000 00474nam a2200193Ia 4500
008 220531s9999 xx 000 0 und d
041 _aeng
082 _a572
_bVOE / VOE
100 _aVoet, D. / Voet, J. G.
_968583
245 _aBiochemistry
250 _a4th
260 _aNew Jersy
_bJohn wiley
_c2011
300 _aI-53
542 _d31-07-2015
551 _aScience
_bUgc-SCI
650 _aBiochemistry
_968584
906 _d2015-2016
999 _c38523
_d38523